El liberalismo de don José Canalejas y Méndez / (Record no. 182609)

MARC details
000 -LEADER
campo de control de longitud fija 00816nam a2200229 i 4500
001 - NÚMERO DE CONTROL
campo de control 182609
003 - IDENTIFICADOR DE NÚMERO DE CONTROL
campo de control ES-MaACL
005 - FECHA Y HORA DE LA ÚLTIMA TRANSACCIÓN
campo de control 20231026143710.0
008 - DATOS DE LONGITUD FIJA--INFORMACIÓN GENERAL
campo de control de longitud fija 131002s2012 sp |||| | spa d
100 1# - ENTRADA PRINCIPAL--NOMBRE DE PERSONA
Nombre de persona Nebreda Pérez, Joaquín María.
9 (RLIN) 152231
245 13 - MENCIÓN DEL TÍTULO
Título El liberalismo de don José Canalejas y Méndez /
Mención de responsabilidad, etc. Joaquín Mª Nebreda Pérez.
260 ## - PUBLICACIÓN, DISTRIBUCIÓN, ETC.
Lugar de publicación, distribución, etc. Madrid :
Nombre del editor, distribuidor, etc. Uned,
Fecha de publicación, distribución, etc. 2012.
300 ## - DESCRIPCIÓN FÍSICA
Extensión 194 p. ;
Dimensiones 30 cm.
502 ## - NOTA DE TESIS
Nota de tesis Tesina fin de master.
504 ## - NOTA DE BIBLIOGRAFÍA, ETC.
Nota de bibliografía, etc. Bibliografía: p. 187-194.
600 04 - PUNTO DE ACCESO ADICIONAL DE MATERIA--NOMBRE DE PERSONA
Nombre de persona Canalejas, Federico.
9 (RLIN) 34380
650 04 - PUNTO DE ACCESO ADICIONAL DE MATERIA--TÉRMINO DE MATERIA
Término de materia o nombre geográfico como elemento de entrada Liberalismo-
Subdivisión geográfica España.
9 (RLIN) 14388
852 ## - LOCALIZACIÓN
Ubicación ES-MaACL
Número de control de estantería A-12854
itemnumber 189525
Sublocalización o colección R.148989
Ubicación en estantería Depósito 1
Signatura antigua Olim: N-5854
Encuadernación Donación: Joaquín Mª Nebreda Pérez
903 ## - NOMBRE PERSONAL DE DONANTE
9 152231
a Nebreda Pérez, Joaquín María
e Donante
942 ## - ELEMENTOS DE ENTRADA SECUNDARIOS (KOHA)
Fuente del sistema de clasificación o colocación Clasificación decimal universal
Tipo de ítem Koha Libro impreso
Holdings
Estatus retirado Estado de pérdida Fuente del sistema de clasificación o colocación Estado de daño No para préstamo Biblioteca de origen Biblioteca actual Ubicación en estantería Fecha de adquisición Fuente de adquisición Total de préstamos Signatura topográfica completa Código de barras Visto por última vez Precio de reemplazo Tipo de ítem Koha
    Clasificación decimal universal     Biblioteca del Ateneo de Madrid Biblioteca del Ateneo de Madrid Depósito 1 02/10/2013 Donación   A-12854 1191909 23/02/2023 23/02/2023 Libro impreso